Statistics for Random College Football Team to Name

Click here to take the quiz!

General Stats

  • This quiz has been taken 34 times
  • The average score is 13 of 18

Answer Stats

SchoolTeam Name% Correct
Texas A&MAggies
100%
New Mexico StateAggies
100%
Oregon StateBeavers
100%
DukeBlue Devils
100%
Fresno StateBulldogs
100%
GeorgiaBulldogs
100%
LouisvilleCardinals
100%
NebraskaCornhuskers
100%
WyomingCowboys
100%
AlabamaCrimson Tide
100%
Boston CollegeEagles
100%
Bowling GreenFalcons
100%
LibertyFlames
100%
FloridaGators
100%
IowaHawkeyes
100%
TCUHorned Frogs
100%
KansasJayhawks
100%
TexasLonghorns
100%
SyracuseOrange
100%
Florida AtlanticOwls
100%
Louisiana-LafayetteRagin' Cajuns
100%
Arkansas StateRed Wolves
100%
OklahomaSooners
100%
Michigan StateSpartans
100%
MemphisTigers
100%
MissouriTigers
100%
Kansas StateWildcats
100%
TroyTrojans
67%
StanfordCardinal
50%
Central MichiganChippewas
50%
Brigham YoungCougars
50%
Virginia TechHokies
50%
TennesseeVolunteers
50%
NorthwesternWildcats
50%
Charlotte49ers
0%
Utah StateAggies
0%
San Diego StateAztecs
0%
WisconsinBadgers
0%
CincinnatiBearcats
0%
BaylorBears
0%
ArmyBlack Knights
0%
UABBlazers
0%
Middle TennesseeBlue Raiders
0%
Texas StateBobcats
0%
OhioBobcats
0%
PurdueBoilermakers
0%
Boise StateBroncos
0%
Western MichiganBroncos
0%
UCLABruins
0%
Ohio StateBuckeyes
0%
ColoradoBuffaloes
0%
Mississippi StateBulldogs
0%
Louisiana TechBulldogs
0%
BuffaloBulls
0%
South FloridaBulls
0%
Ball StateCardinals
0%
VirginiaCavaliers
0%
Coastal CarolinaChanticleers
0%
VanderbiltCommodores
0%
HoustonCougars
0%
Washington StateCougars
0%
Oklahoma StateCowboys
0%
Iowa StateCyclones
0%
Wake ForestDemon Deacons
0%
OregonDucks
0%
Georgia SouthernEagles
0%
Eastern MichiganEagles
0%
Air ForceFalcons
0%
IllinoisFighting Illini
0%
Notre DameFighting Irish
0%
South CarolinaGamecocks
0%
CaliforniaGolden Bears
0%
Southern MissGolden Eagles
0%
Kent StateGolden Flashes
0%
MinnesotaGolden Gophers
0%
TulsaGolden Hurricane
0%
TulaneGreen Wave
0%
Western KentuckyHilltoppers
0%
IndianaHoosiers
0%
MiamiHurricanes
0%
ConnecticutHuskies
0%
WashingtonHuskies
0%
Northern IllinoisHuskies
0%
South AlabamaJaguars
0%
Central FloridaKnights
0%
New MexicoLobos
0%
North TexasMean Green
0%
NavyMidshipmen
0%
UTEPMiners
0%
MassachusettsMinutemen
0%
Old DominionMonarchs
0%
Appalachian StateMountaineers
0%
West VirginiaMountaineers
0%
Southern MethodistMustangs
0%
Penn StateNittany Lions
0%
RiceOwls
0%
TempleOwls
0%
Florida Intl.Panthers
0%
Georgia StatePanthers
0%
PittsburghPanthers
0%
East CarolinaPirates
0%
Colorado StateRams
0%
ArkansasRazorbacks
0%
UNLVRebels
0%
MississippiRebels
0%
Miami of OhioRedHawks
0%
Texas TechRed Raiders
0%
UTSARoadrunners
0%
ToledoRockets
0%
RutgersScarlet Knights
0%
Florida StateSeminoles
0%
San Jose StateSpartans
0%
Arizona StateSun Devils
0%
North CarolinaTar Heels
0%
MarylandTerrapins
0%
MarshallThundering Herd
0%
AuburnTigers
0%
ClemsonTigers
0%
Louisiana StateTigers
0%
USCTrojans
0%
UtahUtes
0%
Louisiana-MonroeWarhawks
0%
HawaiiWarriors
0%
KentuckyWildcats
0%
ArizonaWildcats
0%
NC StateWolfpack
0%
NevadaWolf Pack
0%
MichiganWolverines
0%
Georgia TechYellow Jackets
0%
AkronZips
0%

Score Distribution

Percentile by Number Answered

Percent of People with Each Score

Your Score History

You have not taken this quiz